000 00415nam a2200157 i 4500
001 147869
003 ES-MaACL
005 20230906202309.0
007 t|
008 071008s1965 xxk ||||1| eng d
100 1 _aUpdike, John.
_9112046
245 1 0 _aVerse /
_cJohn Updike.
260 _aGreenwich, etc. :
_bFaweelt Pub.,
_c[1965]
300 _aX., 11-175 p. ;
_c18 cm.
852 _aES-MaACL
_jC-36294
_bR.66118
999 _c147869
_d147869